Výsledky hodnotenia svetového sortimentu ovsa na zrno

Bibliographic Details
Main Authors: Rychtárik, Július, 1935- (Author), Puobišová, Bibiána (Author)
Format: Article
Language:Slovak
PhysicalDescription:Tb. 3. Res. rus., angl.
Subjects:

MARC

LEADER 00000nab a2200000 a 4500
001 vtls000046217
003 SK-MaSNL
005 20260303202419.0
008 111031c1979 xo 0 slo
015 |a SNBRA19rr/mm-uuuuu 
035 |a CL0056312 
040 |a SNKBUCL  |b slo  |c SNKBUCL  |e AACR2 
041 0 |a slo 
044 |a xo  |c SK 
080 |a 633.1  |2 1981 
100 1 |a Rychtárik, Július,  |d 1935-  |4 aut  |9 196663 
245 1 0 |a Výsledky hodnotenia svetového sortimentu ovsa na zrno  |c Július Rychtárik, Bibiána Puobišová 
300 |b Tb. 3. Res. rus., angl. 
650 0 7 |a ovos  |2 snkbucl  |9 19073 
655 7 |a články zo zborníkov  |2 snkbucl  |9 166140 
700 1 |a Puobišová, Bibiána  |4 aut  |9 1234125 
773 0 |t Vedecké práce Výskumného ústavu rastlinnej výroby Piešťany  |d Bratislava : Príroda, 1979  |g S. 137-150 
850 |a Slovenská národná knižnica v Martine  |a MTA001 
852 |a SNK  |b KIS3GCP 
958 |a RK 
992 |a RZB 
999 |c 2179513  |d 2181443